000 00914nam a2200217 i 4500
001 182985
003 ES-MaACL
005 20230906221747.0
008 140109s1921 fr |||| | fre d
245 0 0 _aDeux conséquences de la Révolution russe /
_cDridzo-Losovsky. Conquête ou destruction des syndicats ouvriers. Les Résultats moraux de l'État soviétiste / Pierre Pascal.
260 _aParis :
_bÉditions de la Bibliothèque du Travail,
_c1921.
300 _a48 p. ;
_c19 cm.
490 1 _aLes Cahiers du travail ;
_v1re série. 3e cahier. 1er avril 1921
700 1 _aPascal, Pierre.
_9154102
700 0 _aLozovsky, A.
_974478
740 0 _aConquête ou destruction des syndicats ouvriers.
740 4 _aLes Résultats moraux de l'État soviétiste.
830 0 _aLes Cahiers du travail ;
_v1re série. 3e cahier. 1er avril 1921
_9191855
852 _aES-MaACL
_j1625-F-10
999 _c182985
_d182985